Lesní příběhy /

Hlavní autor: Matysíková, Libuše, 1948-
Jazyk: Čeština
Vydáno: [Česko] : [nakladatel není známý], 2021
Edice: Trapsavecké miniatury
Témata:
Fyzický popis: 34 stran : ilustrace ; 21 cm
Knihy
Uloženo v:
LEADER 01288nam a2200373 i 4500
001 nkc20203266254
003 CZ PrNK
005 20210204131923.0
007 ta
008 201125s2021 xr a g 000 p cze
015 |a cnb003266254 
020 |a 978-80-270-8968-0  |q (v knize neuvedeno ;  |q brožováno) 
035 |a (OCoLC)1237098727 
040 |a BOA001  |b cze  |d ABA001  |e rda 
072 7 |a 821.162.3-1  |x Česká poezie  |2 Konspekt  |9 25 
080 |a 821.162.3-1  |2 MRF 
080 |a (0:82-1)  |2 MRF 
100 1 |a Matysíková, Libuše,  |d 1948-  |7 jo2003190765  |4 aut 
245 1 0 |a Lesní příběhy /  |c Libuše Matysíková 
264 1 |a [Česko] :  |b [nakladatel není známý],  |c 2021 
300 |a 34 stran :  |b ilustrace ;  |c 21 cm 
336 |a text  |b txt  |2 rdacontent 
337 |a bez média  |b n  |2 rdamedia 
338 |a svazek  |b nc  |2 rdacarrier 
490 1 |a Trapsavecké miniatury : druhá šance ;  |v sv. č. 89 
500 |a Vydáno u příležitosti 47. Trapsavce 2021 
655 7 |a česká poezie  |7 fd133958  |2 czenas 
655 9 |a Czech poetry  |2 eczenas 
830 0 |a Trapsavecké miniatury  |0 s 
910 2 |a BOA001  |b 2-1458.155 
990 |a BK 
995 |a 01 
991 |b 202101  |c NOV 
996 6 |b 2610847154  |c 2-1458.155  |l MZK  |r Sklad / do 1 hodiny  |n 0  |p p.v.  |w 001835971  |u 000010  |a 1  |e BOA001  |j MZK50  |s P